[Event "Hoogeveen Open 2016"]
[Site "Hoogeveen"]
[Date "2016.10.19"]
[Round "6.11"]
[White "De Graaf, Dick"]
[Black "Bellia, Fabrizio"]
[Result "1/2-1/2"]
[BlackElo "2447"]
[WhiteElo "2195"]
[LiveChessVersion "1.4.8"]

1. e4 {[%clk 1:30:30]} e5 {[%clk 1:30:30]} 2. Nf3 {[%clk 1:30:30]} Nc6
{[%clk 1:30:30]} 3. d4 {[%clk 1:29:05]} exd4 {[%clk 1:30:47]} 4. Bc4
{[%clk 1:29:29]} Nf6 {[%clk 1:30:57]} 5. O-O {[%clk 1:29:52]} Nxe4
{[%clk 1:30:50]} 6. Re1 {[%clk 1:30:16]} d5 {[%clk 1:31:13]} 7. Bxd5
{[%clk 1:30:39]} Qxd5 {[%clk 1:31:38]} 8. Nc3 {[%clk 1:31:02]} Qa5
{[%clk 1:32:01]} 9. Nxe4 {[%clk 1:31:29]} Be6 {[%clk 1:32:23]} 10. Bd2
{[%clk 1:31:34]} Bb4 {[%clk 1:32:09]} 11. Bxb4 {[%clk 1:31:50]} Qxb4
{[%clk 1:32:16]} 12. a3 {[%clk 1:32:01]} Qb6 {[%clk 1:23:39]} 13. Neg5
{[%clk 1:27:58]} O-O-O {[%clk 1:22:43]} 14. Nxe6 {[%clk 1:27:36]} fxe6
{[%clk 1:23:00]} 15. Rxe6 {[%clk 1:27:11]} Rhe8 {[%clk 1:18:10]} 16. Rxe8
{[%clk 1:23:29]} Rxe8 {[%clk 1:18:20]} 17. b4 {[%clk 1:23:58]} g6
{[%clk 1:09:05]} 18. h3 {[%clk 1:14:26]} a6 {[%clk 1:04:34]} 19. Qd2
{[%clk 1:11:02]} Kb8 {[%clk 1:00:29]} 20. Rd1 {[%clk 1:08:54]} Rd8
{[%clk 1:00:01]} 21. Qh6 {[%clk 1:00:54]} Rd7 {[%clk 0:58:09]} 22. Qf4
{[%clk 0:45:51]} Rd8 {[%clk 0:48:21]} 23. Qf6 {[%clk 0:43:07]} Kc8
{[%clk 0:36:48]} 24. Qe6+ {[%clk 0:38:57]} Kb8 {[%clk 0:36:47]} 25. Qf6
{[%clk 0:39:18]} Kc8 {[%clk 0:35:26]} 26. Qe6+ {[%clk 0:24:46]} Kb8
{[%clk 0:35:27]} 27. Qf7 {[%clk 0:25:01]} a5 {[%clk 0:32:44]} 28. Rb1
{[%clk 0:23:22]} d3 {[%clk 0:29:29]} 29. cxd3 {[%clk 0:23:39]} Rxd3
{[%clk 0:29:52]} 30. b5 {[%clk 0:24:03]} Nd8 {[%clk 0:21:17]} 31. Qxh7
{[%clk 0:17:47]} Qf6 {[%clk 0:18:48]} 32. Qg8 {[%clk 0:15:07]} Ka7
{[%clk 0:17:50]} 33. Qc4 {[%clk 0:12:30]} Qc3 {[%clk 0:12:26]} 34. Qe4
{[%clk 0:11:56]} Rd6 {[%clk 0:11:12]} 35. a4 {[%clk 0:09:07]} Qd3
{[%clk 0:09:55]} 36. Qe1 {[%clk 0:08:45]} Kb8 {[%clk 0:08:57]} 37. Rc1
{[%clk 0:08:36]} b6 {[%clk 0:08:24]} 38. Qe7 {[%clk 0:06:44]} Ne6
{[%clk 0:04:17]} 39. Re1 {[%clk 0:02:25]} Nd8 {[%clk 0:03:53]} 40. Rc1
{[%clk 0:00:38]} Ne6 {[%clk 0:04:02]} 41. Re1 {[%clk 0:25:55]} Nd8
{[%clk 0:30:50]} 42. Rc1 {[%clk 0:18:12]} Ne6 1/2-1/2

[Event "Hoogeveen Open 2016"]
[Site "Hoogeveen"]
[Date "2016.10.19"]
[Round "6.12"]
[White "Bekedam, Tyro"]
[Black "Sundararajan, Kidambi"]
[Result "0-1"]
[BlackElo "2429"]
[WhiteElo "2069"]
[LiveChessVersion "1.4.8"]

1. e4 {[%clk 1:30:54]} e6 {[%clk 1:30:42]} 2. d4 {[%clk 1:31:08]} d5
{[%clk 1:31:04]} 3. Nc3 {[%clk 1:31:19]} Nf6 {[%clk 1:31:25]} 4. Bg5
{[%clk 1:31:23]} dxe4 {[%clk 1:31:48]} 5. Nxe4 {[%clk 1:31:36]} Be7
{[%clk 1:32:12]} 6. Nxf6+ {[%clk 1:30:46]} Bxf6 {[%clk 1:32:21]} 7. Bxf6
{[%clk 1:30:40]} Qxf6 {[%clk 1:32:45]} 8. Nf3 {[%clk 1:30:32]} O-O
{[%clk 1:32:48]} 9. c3 {[%clk 1:27:52]} b6 {[%clk 1:30:38]} 10. Be2
{[%clk 1:26:43]} Bb7 {[%clk 1:30:55]} 11. O-O {[%clk 1:26:11]} Nd7
{[%clk 1:30:40]} 12. Qc2 {[%clk 1:23:20]} c5 {[%clk 1:18:04]} 13. Rad1
{[%clk 1:19:37]} Rfd8 {[%clk 1:16:58]} 14. Rd2 {[%clk 1:13:37]} cxd4
{[%clk 1:15:26]} 15. Rxd4 {[%clk 1:13:16]} e5 {[%clk 1:13:36]} 16. Rd2
{[%clk 1:11:32]} e4 {[%clk 1:05:35]} 17. Nd4 {[%clk 1:11:08]} Ne5
{[%clk 1:03:31]} 18. Rfd1 {[%clk 1:06:09]} Qg5 {[%clk 0:57:11]} 19. Bf1
{[%clk 1:02:27]} e3 {[%clk 0:40:36]} 20. fxe3 {[%clk 1:00:37]} Qxe3+
{[%clk 0:40:28]} 21. Kh1 {[%clk 1:00:36]} Be4 {[%clk 0:28:09]} 22. Qa4
{[%clk 0:57:58]} Rf8 {[%clk 0:12:13]} 23. Ne2 {[%clk 0:36:56]} Ng4
{[%clk 0:09:01]} 24. Ng3 {[%clk 0:36:44]} Qh6 {[%clk 0:08:17]} 25. Qxe4
{[%clk 0:35:37]} Qxh2# {[%clk 0:08:41]} 0-1

[Event "Hoogeveen Open 2016"]
[Site "Hoogeveen"]
[Date "2016.10.19"]
[Round "6.13"]
[White "Taams, Sander"]
[Black "Jonkman, Harmen"]
[Result "0-1"]
[BlackElo "2413"]
[WhiteElo "1857"]
[LiveChessVersion "1.4.8"]

1. e4 {[%clk 1:30:56]} e5 {[%clk 1:30:51]} 2. Nf3 {[%clk 1:31:22]} Nc6
{[%clk 1:31:15]} 3. Bc4 {[%clk 1:31:49]} Bc5 {[%clk 1:31:35]} 4. b4
{[%clk 1:32:02]} Bxb4 {[%clk 1:31:33]} 5. c3 {[%clk 1:32:28]} Be7
{[%clk 1:31:19]} 6. d4 {[%clk 1:32:44]} Na5 {[%clk 1:31:26]} 7. Be2
{[%clk 1:28:00]} d6 {[%clk 1:30:45]} 8. Qa4+ {[%clk 1:25:44]} c6 {[%clk 1:31:00]}
9. dxe5 {[%clk 1:25:54]} dxe5 {[%clk 1:31:00]} 10. Nxe5 {[%clk 1:23:36]} Nf6
{[%clk 1:29:50]} 11. O-O {[%clk 1:21:55]} b5 {[%clk 1:24:22]} 12. Qc2
{[%clk 1:19:04]} Qc7 {[%clk 1:23:45]} 13. Nf3 {[%clk 1:14:11]} O-O
{[%clk 1:23:53]} 14. Nbd2 {[%clk 1:09:37]} Nb7 {[%clk 0:41:44]} 15. c4
{[%clk 1:06:44]} b4 {[%clk 0:40:57]} 16. Bb2 {[%clk 1:05:00]} Nc5
{[%clk 0:39:36]} 17. Rad1 {[%clk 1:01:16]} Bg4 {[%clk 0:35:16]} 18. e5
{[%clk 0:59:01]} Nfd7 {[%clk 0:35:00]} 19. Ne4 {[%clk 0:54:36]} Bf5
{[%clk 0:25:10]} 20. Nf6+ {[%clk 0:54:10]} Bxf6 {[%clk 0:25:33]} 21. Qxf5
{[%clk 0:54:20]} g6 {[%clk 0:25:55]} 22. Qf4 {[%clk 0:48:23]} Rae8
{[%clk 0:26:17]} 23. Rd6 {[%clk 0:39:51]} Bxe5 {[%clk 0:17:05]} 24. Bxe5
{[%clk 0:38:34]} Nxe5 {[%clk 0:14:26]} 25. Rfd1 {[%clk 0:38:23]} Re6
{[%clk 0:10:43]} 26. Qd4 {[%clk 0:35:35]} Rxd6 {[%clk 0:10:29]} 27. Qxd6
{[%clk 0:35:58]} Qxd6 {[%clk 0:10:53]} 28. Rxd6 {[%clk 0:36:21]} Ne4
{[%clk 0:10:30]} 29. Rd4 {[%clk 0:36:09]} Nc3 {[%clk 0:10:32]} 30. Kf1
{[%clk 0:34:53]} Re8 {[%clk 0:10:16]} 31. Nxe5 {[%clk 0:32:48]} Rxe5
{[%clk 0:08:43]} 32. Bf3 {[%clk 0:33:04]} c5 {[%clk 0:08:04]} 33. Rd2
{[%clk 0:32:20]} a5 {[%clk 0:08:08]} 34. Bd5 {[%clk 0:31:53]} a4 {[%clk 0:08:22]}
35. Bf3 {[%clk 0:30:38]} Kg7 {[%clk 0:05:47]} 36. Bd1 {[%clk 0:30:01]} Re4
{[%clk 0:05:40]} 37. a3 {[%clk 0:29:41]} bxa3 {[%clk 0:04:33]} 38. Bxa4
{[%clk 0:29:38]} a2 {[%clk 0:04:46]} 0-1

[Event "Hoogeveen Open 2016"]
[Site "Hoogeveen"]
[Date "2016.10.19"]
[Round "6.14"]
[White "Valdes Romero, Leonardo"]
[Black "Rakesh Kumar Jena"]
[Result "0-1"]
[BlackElo "2247"]
[WhiteElo "2391"]
[LiveChessVersion "1.4.8"]

1. Nf3 {[%clk 1:30:21]} Nf6 {[%clk 1:30:41]} 2. c4 {[%clk 1:30:44]} c6
{[%clk 1:31:02]} 3. g3 {[%clk 1:31:09]} d5 {[%clk 1:31:27]} 4. Bg2
{[%clk 1:31:34]} g6 {[%clk 1:31:50]} 5. Qa4 {[%clk 1:29:21]} dxc4
{[%clk 1:30:01]} 6. Qxc4 {[%clk 1:29:44]} Bg7 {[%clk 1:30:25]} 7. O-O
{[%clk 1:29:59]} O-O {[%clk 1:30:49]} 8. Qc2 {[%clk 1:29:52]} Bf5
{[%clk 1:27:05]} 9. d3 {[%clk 1:30:14]} Re8 {[%clk 1:27:04]} 10. Bf4
{[%clk 1:23:46]} Nbd7 {[%clk 1:21:56]} 11. e4 {[%clk 1:23:12]} Bg4
{[%clk 1:21:53]} 12. d4 {[%clk 1:20:56]} Nh5 {[%clk 1:14:48]} 13. Be3
{[%clk 1:20:24]} Bxf3 {[%clk 1:14:44]} 14. Bxf3 {[%clk 1:20:48]} e5
{[%clk 1:15:10]} 15. dxe5 {[%clk 1:16:29]} Nxe5 {[%clk 1:15:32]} 16. Be2
{[%clk 1:13:07]} Qd7 {[%clk 1:15:36]} 17. Kg2 {[%clk 1:05:13]} Ng4
{[%clk 1:07:38]} 18. Bxg4 {[%clk 1:05:22]} Qxg4 {[%clk 1:07:59]} 19. Nd2
{[%clk 1:05:41]} Rad8 {[%clk 1:07:13]} 20. Rae1 {[%clk 0:56:35]} Qe6
{[%clk 0:57:04]} 21. b3 {[%clk 0:55:49]} Bd4 {[%clk 0:57:19]} 22. h3
{[%clk 0:50:58]} c5 {[%clk 0:57:00]} 23. Bg5 {[%clk 0:38:18]} f6 {[%clk 0:56:23]}
24. Be3 {[%clk 0:38:11]} Qc6 {[%clk 0:48:19]} 25. Kh2 {[%clk 0:37:38]} Ng7
{[%clk 0:48:31]} 26. Bh6 {[%clk 0:34:28]} Ne6 {[%clk 0:44:28]} 27. f4
{[%clk 0:34:45]} c4 {[%clk 0:19:03]} 28. Qxc4 {[%clk 0:13:56]} Bc3
{[%clk 0:17:58]} 29. Qxc6 {[%clk 0:07:49]} Rxd2+ {[%clk 0:17:53]} 30. Kh1
{[%clk 0:08:15]} bxc6 {[%clk 0:18:18]} 31. f5 {[%clk 0:08:16]} Ng5
{[%clk 0:17:46]} 32. h4 {[%clk 0:08:33]} Nxe4 {[%clk 0:18:08]} 33. Rxe4
{[%clk 0:08:56]} Rxe4 {[%clk 0:18:34]} 34. Bxd2 {[%clk 0:09:20]} Bxd2
{[%clk 0:19:01]} 35. fxg6 {[%clk 0:09:44]} Bc3 {[%clk 0:18:47]} 36. gxh7+
{[%clk 0:09:42]} Kxh7 {[%clk 0:19:15]} 37. Kg2 {[%clk 0:08:09]} Re2+
{[%clk 0:18:28]} 38. Kh3 {[%clk 0:08:37]} Be5 {[%clk 0:18:24]} 39. Rc1
{[%clk 0:08:50]} Rxa2 {[%clk 0:17:52]} 40. Rxc6 {[%clk 0:09:15]} Ra3
{[%clk 0:18:15]} 41. Kg4 {[%clk 0:09:36]} Rxb3 {[%clk 0:18:29]} 42. Ra6
{[%clk 0:09:24]} Kg6 {[%clk 0:17:57]} 43. h5+ {[%clk 0:09:27]} Kh6
{[%clk 0:18:23]} 44. Rxa7 {[%clk 0:09:14]} Rxg3+ {[%clk 0:18:48]} 45. Kh4
{[%clk 0:09:29]} Rg5 {[%clk 0:18:53]} 46. Ra8 {[%clk 0:09:37]} Rxh5+
{[%clk 0:19:11]} 47. Kg4 {[%clk 0:10:03]} f5+ {[%clk 0:19:28]} 48. Kf3
{[%clk 0:10:31]} Rh3+ {[%clk 0:19:48]} 49. Kg2 {[%clk 0:10:53]} Re3
{[%clk 0:20:13]} 50. Rg8 {[%clk 0:11:09]} f4 {[%clk 0:20:10]} 51. Kf1
{[%clk 0:10:51]} Rg3 {[%clk 0:20:05]} 52. Rf8 {[%clk 0:10:17]} Kg5
{[%clk 0:20:15]} 53. Ke2 {[%clk 0:10:31]} Bf6 {[%clk 0:20:26]} 54. Rg8+
{[%clk 0:10:19]} Kh4 {[%clk 0:19:48]} 55. Rf8 {[%clk 0:10:31]} Bg5
{[%clk 0:20:14]} 56. Kf2 {[%clk 0:10:25]} Ra3 {[%clk 0:20:27]} 57. Rc8
{[%clk 0:10:28]} Kg4 {[%clk 0:20:52]} 58. Rc2 {[%clk 0:10:53]} Bh4+
{[%clk 0:21:20]} 59. Kg2 {[%clk 0:11:10]} f3+ {[%clk 0:21:44]} 60. Kh2
{[%clk 0:11:15]} Bg3+ {[%clk 0:22:11]} 0-1

[Event "Hoogeveen Open 2016"]
[Site "Hoogeveen"]
[Date "2016.10.19"]
[Round "6.15"]
[White "Harsha Bharathakoti"]
[Black "Vrolijk, Liam"]
[Result "1/2-1/2"]
[BlackElo "2265"]
[WhiteElo "2363"]
[LiveChessVersion "1.4.8"]

1. b3 {[%clk 1:30:31]} e5 {[%clk 1:30:44]} 2. Bb2 {[%clk 1:30:56]} Nc6
{[%clk 1:31:05]} 3. e3 {[%clk 1:31:21]} Nf6 {[%clk 1:31:25]} 4. Bb5
{[%clk 1:31:33]} Bd6 {[%clk 1:31:38]} 5. Na3 {[%clk 1:31:33]} e4 {[%clk 1:30:57]}
6. Nc4 {[%clk 1:27:24]} Be7 {[%clk 1:31:18]} 7. Bxc6 {[%clk 1:27:33]} dxc6
{[%clk 1:31:40]} 8. Ne2 {[%clk 1:27:59]} O-O {[%clk 1:29:48]} 9. O-O
{[%clk 1:26:30]} Bg4 {[%clk 1:22:56]} 10. Ne5 {[%clk 0:52:21]} Bh5
{[%clk 1:15:20]} 11. Qe1 {[%clk 0:51:53]} Bb4 {[%clk 1:14:22]} 12. Rd1
{[%clk 0:49:58]} Nd5 {[%clk 0:59:06]} 13. c4 {[%clk 0:31:23]} Ne7
{[%clk 0:51:23]} 14. f3 {[%clk 0:23:53]} f6 {[%clk 0:47:00]} 15. Nf4
{[%clk 0:23:16]} fxe5 {[%clk 0:43:19]} 16. Nxh5 {[%clk 0:23:39]} exf3
{[%clk 0:42:36]} 17. gxf3 {[%clk 0:10:21]} Nf5 {[%clk 0:41:53]} 18. Bxe5
{[%clk 0:06:37]} Qe8 {[%clk 0:39:48]} 19. e4 {[%clk 0:06:12]} Qxe5
{[%clk 0:36:43]} 20. exf5 {[%clk 0:06:37]} Qxf5 {[%clk 0:36:32]} 21. Ng3
{[%clk 0:06:53]} Qd3 {[%clk 0:36:09]} 22. Qe6+ {[%clk 0:04:36]} Kh8
{[%clk 0:36:17]} 23. Qe3 {[%clk 0:03:29]} Rad8 {[%clk 0:36:15]} 24. Ne4
{[%clk 0:00:48]} b6 {[%clk 0:33:45]} 25. Qxd3 {[%clk 0:00:46]} Rxd3
{[%clk 0:34:06]} 26. Kg2 {[%clk 0:01:13]} h6 {[%clk 0:33:39]} 27. Rf2
{[%clk 0:00:57]} a5 {[%clk 0:32:51]} 28. Rc1 {[%clk 0:00:42]} c5 {[%clk 0:28:35]}
29. Nc3 {[%clk 0:00:35]} Bxc3 {[%clk 0:28:15]} 30. Rxc3 {[%clk 0:00:34]} Rfd8
{[%clk 0:26:56]} 31. Rxd3 {[%clk 0:00:59]} Rxd3 {[%clk 0:27:21]} 32. Kf1
{[%clk 0:01:25]} Kg8 {[%clk 0:26:16]} 33. Ke2 {[%clk 0:01:46]} Rd4
{[%clk 0:26:17]} 34. Ke3 {[%clk 0:00:54]} Kf7 {[%clk 0:26:30]} 35. Ke4 1/2-1/2

[Event "Hoogeveen Open 2016"]
[Site "Hoogeveen"]
[Date "2016.10.19"]
[Round "6.16"]
[White "Mellema, Andries"]
[Black "Okkes, Menno"]
[Result "0-1"]
[BlackElo "2322"]
[WhiteElo "2143"]
[LiveChessVersion "1.4.8"]

1. e4 {[%clk 1:29:01]} c5 {[%clk 1:30:53]} 2. Nf3 {[%clk 1:29:27]} Nc6
{[%clk 1:31:15]} 3. d4 {[%clk 1:29:25]} cxd4 {[%clk 1:31:38]} 4. Nxd4
{[%clk 1:29:50]} g6 {[%clk 1:32:00]} 5. Nc3 {[%clk 1:30:00]} Bg7 {[%clk 1:32:22]}
6. Be3 {[%clk 1:30:27]} Nf6 {[%clk 1:32:34]} 7. Bc4 {[%clk 1:30:46]} O-O
{[%clk 1:32:40]} 8. Bb3 {[%clk 1:31:07]} d6 {[%clk 1:32:48]} 9. h3
{[%clk 1:30:14]} Na5 {[%clk 1:32:33]} 10. O-O {[%clk 1:29:33]} b6
{[%clk 1:29:26]} 11. Re1 {[%clk 1:06:12]} Nxb3 {[%clk 1:16:43]} 12. axb3
{[%clk 1:02:46]} Bb7 {[%clk 1:17:02]} 13. Bg5 {[%clk 0:59:41]} Re8
{[%clk 1:13:36]} 14. Qd2 {[%clk 0:54:42]} a6 {[%clk 1:07:05]} 15. b4
{[%clk 0:25:17]} b5 {[%clk 0:48:27]} 16. Nb3 {[%clk 0:23:49]} Rc8
{[%clk 0:47:38]} 17. Na5 {[%clk 0:19:19]} Ba8 {[%clk 0:47:28]} 18. f3
{[%clk 0:19:16]} Nd7 {[%clk 0:43:18]} 19. Be3 {[%clk 0:17:39]} Nb6
{[%clk 0:38:24]} 20. Ra2 {[%clk 0:13:17]} Qc7 {[%clk 0:32:35]} 21. Bd4
{[%clk 0:08:39]} Bxd4+ {[%clk 0:25:42]} 22. Qxd4 {[%clk 0:08:49]} e5
{[%clk 0:25:56]} 23. Qd3 {[%clk 0:05:36]} d5 {[%clk 0:23:54]} 24. exd5
{[%clk 0:04:30]} Rcd8 {[%clk 0:23:49]} 25. Ne4 {[%clk 0:02:14]} Nxd5
{[%clk 0:23:06]} 26. Qb3 {[%clk 0:01:32]} Qb6+ {[%clk 0:13:18]} 27. Kh1
{[%clk 0:02:01]} Nf4 {[%clk 0:09:15]} 28. Qe3 {[%clk 0:01:52]} Qxe3
{[%clk 0:09:41]} 29. Rxe3 {[%clk 0:02:17]} Rd1+ {[%clk 0:09:38]} 30. Kh2
{[%clk 0:02:43]} Bxe4 {[%clk 0:09:50]} 31. Rxe4 {[%clk 0:01:12]} Rd2
{[%clk 0:10:00]} 32. Nc6 {[%clk 0:01:07]} Rxg2+ {[%clk 0:09:40]} 33. Kh1
{[%clk 0:01:36]} Rxc2 {[%clk 0:09:47]} 34. Rxe5 {[%clk 0:00:47]} Rxe5
{[%clk 0:08:40]} 35. Nxe5 {[%clk 0:01:16]} Re2 {[%clk 0:08:23]} 36. Nd7
{[%clk 0:01:18]} Nxh3 {[%clk 0:06:54]} 37. Nc5 {[%clk 0:00:39]} Ng5
{[%clk 0:07:07]} 38. Ra3 {[%clk 0:00:36]} Rxb2 {[%clk 0:07:12]} 39. Nxa6
{[%clk 0:00:53]} Rf2 {[%clk 0:05:45]} 40. Kg1 {[%clk 0:01:05]} Rxf3
{[%clk 0:06:06]} 41. Ra5 {[%clk 0:01:30]} Rf5 {[%clk 0:05:52]} 42. Nc7
{[%clk 0:30:30]} Nf3+ {[%clk 0:34:53]} 43. Kg2 {[%clk 0:29:06]} Ne1+
{[%clk 0:34:51]} 44. Kg3 {[%clk 0:28:58]} Nd3 {[%clk 0:34:39]} 45. Nxb5
{[%clk 0:28:52]} Nxb4 {[%clk 0:34:54]} 46. Ra8+ {[%clk 0:29:11]} Kg7
{[%clk 0:35:19]} 47. Nd6 {[%clk 0:29:06]} Rd5 {[%clk 0:34:45]} 48. Rd8
{[%clk 0:28:40]} Kf6 {[%clk 0:33:19]} 49. Ne4+ {[%clk 0:27:22]} Kg7
{[%clk 0:31:37]} 50. Nd6 {[%clk 0:27:08]} Kf6 {[%clk 0:29:23]} 51. Ne4+
{[%clk 0:26:27]} Ke7 {[%clk 0:29:30]} 52. Rb8 {[%clk 0:26:12]} Nc6
{[%clk 0:27:22]} 53. Rb7+ {[%clk 0:26:09]} Kf8 {[%clk 0:27:02]} 54. Nf6
{[%clk 0:25:06]} Rf5 {[%clk 0:27:00]} 55. Ne4 {[%clk 0:22:27]} Ne5
{[%clk 0:26:54]} 56. Nd6 {[%clk 0:21:47]} Rf3+ {[%clk 0:26:59]} 57. Kg2
{[%clk 0:21:23]} Rd3 {[%clk 0:27:11]} 58. Rb8+ {[%clk 0:19:53]} Ke7
{[%clk 0:26:24]} 59. Ne4 {[%clk 0:19:47]} h5 {[%clk 0:26:15]} 60. Rb7+
{[%clk 0:20:02]} Kf8 {[%clk 0:26:22]} 61. Rb5 {[%clk 0:19:43]} Ng4
{[%clk 0:26:33]} 62. Rb7 {[%clk 0:19:08]} Kg7 {[%clk 0:25:23]} 63. Nc5
{[%clk 0:18:18]} Re3 {[%clk 0:25:15]} 64. Rb4 {[%clk 0:17:04]} f5
{[%clk 0:24:59]} 65. Rb6 {[%clk 0:17:18]} h4 {[%clk 0:24:01]} 66. Ne6+
{[%clk 0:17:19]} Kh6 {[%clk 0:23:53]} 67. Nf4 {[%clk 0:17:40]} Rg3+
{[%clk 0:24:12]} 68. Kh1 {[%clk 0:15:56]} Ne5 {[%clk 0:22:30]} 69. Rb8
{[%clk 0:13:03]} Kg5 {[%clk 0:17:57]} 70. Ne6+ {[%clk 0:13:14]} Kf6
{[%clk 0:18:21]} 71. Rb6 {[%clk 0:12:56]} Ke7 {[%clk 0:18:16]} 72. Nf4
{[%clk 0:12:25]} Rg4 {[%clk 0:14:52]} 73. Nd5+ {[%clk 0:10:12]} Kf7
{[%clk 0:13:05]} 74. Rb7+ {[%clk 0:09:25]} Ke6 {[%clk 0:13:12]} 75. Ne3
{[%clk 0:08:47]} Re4 {[%clk 0:13:33]} 76. Rb6+ {[%clk 0:09:07]} Kf7
{[%clk 0:13:36]} 77. Rb7+ {[%clk 0:09:21]} Kf6 {[%clk 0:13:30]} 78. Nd5+
{[%clk 0:08:34]} Kg5 {[%clk 0:13:49]} 79. Rb2 {[%clk 0:06:48]} h3
{[%clk 0:13:28]} 80. Rb1 {[%clk 0:04:57]} Ng4 {[%clk 0:11:48]} 81. Nc3
{[%clk 0:04:32]} Re3 {[%clk 0:11:06]} 82. Rc1 {[%clk 0:05:00]} Rg3
{[%clk 0:09:25]} 83. Rc2 {[%clk 0:04:37]} Rd3 {[%clk 0:08:17]} 84. Kg1
{[%clk 0:03:12]} Ne3 {[%clk 0:07:24]} 85. Rc1 {[%clk 0:03:34]} Rd2
{[%clk 0:07:34]} 86. Kh1 {[%clk 0:03:40]} Ng4 {[%clk 0:07:40]} 87. Rf1
{[%clk 0:02:17]} Rh2+ {[%clk 0:07:53]} 88. Kg1 {[%clk 0:01:59]} Rg2+
{[%clk 0:08:18]} 0-1

[Event "Hoogeveen Open 2016"]
[Site "Hoogeveen"]
[Date "2016.10.19"]
[Round "6.17"]
[White "Schoppen, Casper"]
[Black "Otte, Marijn"]
[Result "1/2-1/2"]
[BlackElo "2213"]
[WhiteElo "2304"]
[LiveChessVersion "1.4.8"]

1. e4 {[%clk 1:30:37]} c5 {[%clk 1:24:29]} 2. Nf3 {[%clk 1:30:59]} d6
{[%clk 1:24:14]} 3. Bb5+ {[%clk 1:31:04]} Bd7 {[%clk 1:23:29]} 4. Bxd7+
{[%clk 1:31:25]} Nxd7 {[%clk 1:23:42]} 5. c4 {[%clk 1:31:43]} Ngf6
{[%clk 1:23:04]} 6. Nc3 {[%clk 1:32:02]} g6 {[%clk 1:23:28]} 7. O-O
{[%clk 1:32:18]} Bg7 {[%clk 1:23:54]} 8. d4 {[%clk 1:32:36]} cxd4
{[%clk 1:24:18]} 9. Nxd4 {[%clk 1:33:03]} O-O {[%clk 1:23:21]} 10. b3
{[%clk 1:31:56]} Ne5 {[%clk 1:09:37]} 11. f3 {[%clk 1:28:02]} Nc6
{[%clk 1:02:46]} 12. Be3 {[%clk 1:27:19]} Qa5 {[%clk 1:01:03]} 13. Qd2
{[%clk 1:23:48]} Rfe8 {[%clk 1:00:29]} 14. Rfc1 {[%clk 1:17:05]} Nxd4
{[%clk 0:47:46]} 15. Bxd4 {[%clk 1:17:22]} Nd7 {[%clk 0:48:11]} 16. Bf2
{[%clk 1:11:09]} Nc5 {[%clk 0:47:33]} 17. Rab1 {[%clk 1:10:04]} Qb4
{[%clk 0:47:24]} 18. Qc2 {[%clk 1:08:51]} Qxc3 {[%clk 0:47:30]} 19. Qxc3
{[%clk 1:09:12]} Bxc3 {[%clk 0:47:56]} 20. Rxc3 {[%clk 1:09:40]} Ne6
{[%clk 0:47:04]} 21. Be3 {[%clk 1:01:36]} Rec8 {[%clk 0:44:11]} 22. Rd3
{[%clk 0:55:21]} a6 {[%clk 0:39:56]} 23. a4 {[%clk 0:51:28]} a5 {[%clk 0:35:27]}
24. Kf2 {[%clk 0:46:54]} f6 {[%clk 0:34:39]} 25. h4 {[%clk 0:44:49]} Kf7
{[%clk 0:33:14]} 26. Rd5 {[%clk 0:39:49]} Nc7 {[%clk 0:31:44]} 27. Rdd1
{[%clk 0:39:42]} Ne6 {[%clk 0:32:03]} 28. Ke2 {[%clk 0:39:43]} Nc5
{[%clk 0:31:56]} 29. Kd2 {[%clk 0:37:50]} e5 {[%clk 0:23:02]} 30. Kc2
{[%clk 0:34:58]} Ke6 {[%clk 0:23:27]} 31. Rd2 {[%clk 0:32:02]} b6
{[%clk 0:21:52]} 32. Rbd1 {[%clk 0:31:41]} Rc6 {[%clk 0:20:37]} 33. h5
{[%clk 0:19:48]} g5 {[%clk 0:19:39]} 34. Re2 {[%clk 0:16:43]} Rc7
{[%clk 0:18:10]} 35. Bc1 {[%clk 0:16:57]} Rg8 {[%clk 0:18:02]} 36. Rh1
{[%clk 0:15:08]} Kd7 {[%clk 0:17:47]} 37. Ree1 {[%clk 0:13:15]} Kc6
{[%clk 0:17:57]} 38. Kc3 {[%clk 0:09:58]} Rf7 {[%clk 0:17:17]} 1/2-1/2

[Event "Hoogeveen Open"]
[Site "Hoogeveen, Netherlands"]
[Date "2016.10.19"]
[Round "6.18"]
[White "Kerigan, Demre"]
[Black "Mager, Denis"]
[Result "1/2-1/2"]
[WhiteElo "2362"]
[BlackElo "2224"]
[PlyCount "159"]
[EventDate "2016.??.??"]

1. e4 c5 2. Nf3 d6 3. Bb5+ Nd7 4. O-O a6 5. Bd3 b5 6. Re1 Ngf6 7. c3 Bb7 8. Bc2
Qc7 9. d3 g6 10. Nbd2 Rc8 11. Nf1 Bg7 12. Bg5 h6 13. Bd2 O-O 14. Ng3 e5 15. Rc1
d5 16. h4 dxe4 17. dxe4 c4 18. Qe2 Rfd8 19. b3 Nf8 20. h5 Ne6 21. hxg6 fxg6 22.
bxc4 bxc4 23. Rb1 Nf4 24. Bxf4 exf4 25. Nf1 Nd7 26. Nd4 Re8 27. Nd2 Ne5 28.
N2f3 Kh7 $11 29. Nxe5 Bxe5 30. Qg4 Rb8 31. Qe2 Rbc8 32. Red1 Re7 33. Qg4 Rce8
34. Rd2 Bc8 35. Qe2 Be6 36. Rb4 Bf7 37. Ba4 Bxd4 38. Rxd4 Rd8 39. Qd2 Rxd4 40.
Qxd4 Qe5 41. f3 Qc7 42. Rb6 Re6 43. Rxe6 Bxe6 44. Qf6 Qf7 45. Qe5 g5 46. Bd1
Qa7+ 47. Kf1 Qd7 48. Qd4 h5 49. Be2 Qf7 50. Qe5 g4 51. Bd1 g3 52. Bc2 Kh6 53.
a4 h4 54. a5 Bd7 55. Ke2 Be6 56. Ba4 Kg6 57. Bc6 Qf6 58. Qxf6+ Kxf6 59. Bb7 Ke5
60. Bxa6 Kd6 61. Bb5 Kc5 62. Be8 h3 63. gxh3 Bxh3 64. Bf7 Bc8 65. Bd5 Ba6 66.
Kf1 Kd6 67. Kg2 Ke5 68. Bc6 Kd6 69. Ba4 Kc5 70. Kg1 Kd6 71. Bd1 Kc5 72. Ba4 Kd6
73. Kh1 Kc5 74. Kg2 Kd6 75. Bd1 Kc5 76. Be2 Bc8 77. Bf1 Be6 78. Be2 Kb5 79. Bd1
Kxa5 80. Bc2 1/2-1/2

[Event "Hoogeveen Open"]
[Site "Hoogeveen, Netherlands"]
[Date "2016.10.19"]
[Round "6.19"]
[White "Roebers, Jan"]
[Black "Vereggen, Lars"]
[Result "1/2-1/2"]
[WhiteElo "2151"]
[BlackElo "2380"]
[PlyCount "92"]
[EventDate "2016.??.??"]

1. e4 e5 2. Nf3 Nc6 3. Bb5 a6 4. Ba4 Nf6 5. O-O b5 6. Bb3 Be7 7. Qe2 O-O 8. h3
d6 9. c3 Na5 10. Bc2 c5 11. d4 Qc7 12. b3 Nc6 13. d5 Nb8 14. a4 bxa4 15. Rxa4
Nbd7 16. Nbd2 Nb6 17. Ra3 a5 18. Bd3 Bd7 19. Nc4 Nxc4 20. Bxc4 Rfb8 21. Bg5 a4
22. Rfa1 Ra5 23. bxa4 Qd8 24. Bxf6 Bxf6 25. Bb3 Bg5 26. Nxg5 Qxg5 27. Qe3 Qd8
28. Bd1 Rb2 29. Rb3 Rxb3 30. Bxb3 Qb6 31. Bd1 Ra6 32. Qc1 Qa5 33. Rb1 Rb6 34.
Rxb6 Qxb6 35. Qa1 Qa5 36. Qb2 Kf8 37. h4 Ke7 38. Kh2 Qa6 39. Kg1 Qd3 40. Qc2
Qxc2 41. Bxc2 Kd8 42. f4 f6 43. fxe5 fxe5 44. Kf2 Kc7 45. Ke3 Kb6 46. Kd2 Ka5
1/2-1/2

[Event "Hoogeveen Open"]
[Site "Hoogeveen, Netherlands"]
[Date "2016.10.19"]
[Round "6.20"]
[White "Cornelisse, John"]
[Black "Heemskerk, Wim"]
[Result "1/2-1/2"]
[WhiteElo "2131"]
[BlackElo "2243"]
[PlyCount "47"]
[EventDate "2016.??.??"]

1. d4 e6 2. c4 d5 3. Nc3 c5 4. cxd5 exd5 5. Nf3 Nc6 6. g3 Nf6 7. Bg2 Be7 8. O-O
O-O 9. Bg5 c4 10. b3 h6 11. Bxf6 Bxf6 12. e3 Qa5 13. Qd2 Rd8 14. bxc4 dxc4 15.
Ne4 Be7 16. Qxa5 Nxa5 17. Nc3 Rb8 18. Rab1 a6 19. a4 Nc6 20. Nd2 Bf5 21. e4 Bd7
22. Nxc4 Nxd4 23. Nd5 Bc5 24. Ncb6 1/2-1/2

[Event "Hoogeveen Open"]
[Site "Hoogeveen, Netherlands"]
[Date "2016.10.19"]
[Round "6.21"]
[White "Dushyant Sharma"]
[Black "Vedder, Richard"]
[Result "1/2-1/2"]
[WhiteElo "2039"]
[BlackElo "2205"]
[PlyCount "54"]
[EventDate "2016.??.??"]

1. e4 e5 2. Nf3 Nc6 3. Nc3 Bb4 4. Bb5 Nge7 5. O-O O-O 6. Nd5 Bd6 7. d4 exd4 8.
Re1 a6 9. Bxc6 dxc6 10. Nxe7+ Qxe7 11. Qxd4 Bc5 12. Qe5 Qxe5 13. Nxe5 Be6 14.
Nd3 Be7 15. f4 Rad8 16. f5 Bc8 17. Bf4 Rd7 18. e5 Rxd3 19. cxd3 Bxf5 20. d4 Be6
21. b3 Rd8 22. Be3 Rd5 23. Bf2 Kf8 24. h3 h5 25. Rad1 Ra5 26. Re2 Ke8 27. Kh2
Rd5 1/2-1/2